[Event "EU-Cup 38th"]
[Site "Durres"]
[Date "2023.10.01"]
[Round "1.5"]
[White "Serbanescu, Diana Maria"]
[Black "Gadimbayli, Abdulla Azar"]
[Result "1/2-1/2"]
[WhiteElo "1966"]
[BlackElo "2492"]
[PlyCount "70"]
[EventDate "2023.10.01"]
[EventType "team-swiss"]
[EventRounds "7"]
[EventCountry "ALB"]
[SourceTitle "EXT 2024"]
[Source "ChessBase"]
[SourceDate "2023.10.10"]
[SourceVersion "1"]
[SourceVersionDate "2023.10.10"]
[SourceQuality "1"]
[WhiteTeam "Celtic Tigers"]
[BlackTeam "Vugar Gashimov"]
[WhiteTeamCountry "ENG"]
[BlackTeamCountry "AZE"]

1. e4 c5 2. c3 d5 3. exd5 Qxd5 4. d4 Nf6 5. Nf3 e6 6. Be2 cxd4 7. cxd4 Bb4+ 8. Bd2 Bxd2+ 9. Qxd2 0-0 10. Nc3 Qd6 11. 0-0 Nc6 12. Rfd1 Rd8 13. Rac1 Qe7 14. Qe3 b6 15. Ne5 Bb7 16. Bf3 Nb4 17. h3 Rac8 18. a3 Nbd5 19. Nxd5 Nxd5 20. Bxd5 Bxd5 21. Rxc8 Rxc8 22. Rc1 Rd8 23. Rc3 Bb7 24. Qf4 f6 25. Nc6 Bxc6 26. Rxc6 Qd7 27. Qe4 Kf7 28. b4 h6 29. b5 Qe7 30. a4 Rd5 31. Qf4 Rd7 32. Qg4 Rd5 33. Qf4 Qd8 34. Qg4 Qd7 35. Qg3 e5 1/2-1/2

[Event "BCF-chT 2223 (4NCL)"]
[Site "England"]
[Date "2023.03.18"]
[Round "7.2"]
[White "Colovic, Aleksandar"]
[Black "Serbanescu, Diana Maria"]
[Result "1-0"]
[WhiteElo "2440"]
[BlackElo "1976"]
[PlyCount "67"]
[EventDate "2022.10.22"]
[EventType "team-swiss"]
[EventRounds "11"]
[EventCountry "ENG"]
[SourceTitle "CBM 213 Extra"]
[Source "ChessBase"]
[SourceDate "2023.05.31"]
[SourceVersion "1"]
[SourceVersionDate "2023.05.31"]
[SourceQuality "1"]
[WhiteTeam "Chessable White Rose"]
[BlackTeam "Celtic Tigers"]
[WhiteTeamCountry "ENG"]
[BlackTeamCountry "ENG"]

1. e4 d6 2. d4 Nf6 3. Bd3 e5 4. Nf3 Nbd7 5. 0-0 Be7 6. c3 0-0 7. Re1 Re8 8. Nbd2 Bf8 9. Nf1 g6 10. Ng3 Bg7 11. h3 a6 12. Bg5 h6 13. Be3 Qe7 14. Qd2 Kh7 15. Bc2 b6 16. Rad1 Bb7 17. d5 Rf8 18. c4 a5 19. b3 Ba6 20. Qc3 Ng8 21. a3 Kh8 22. Bb1 Nc5 23. b4 axb4 24. axb4 Nd7 25. Bd3 f5 26. exf5 e4 27. f6 Rxf6 28. Bd4 Rxf3 29. gxf3 Ne5 30. Bxe4 Qh4 31. Bxg6 Qxh3 32. Rxe5 dxe5 33. Bxe5 Qd7 34. Nh5 1-0

[Event "EU-Cup Online Gr-B (Women)"]
[Site "Tornelo INT"]
[Date "2020.12.19"]
[Round "2.3"]
[White "Serbanescu, Diana Maria"]
[Black "Kubicka, Anna"]
[Result "0-1"]
[WhiteElo "1990"]
[BlackElo "2256"]
[PlyCount "82"]
[EventDate "2020.12.19"]
[EventType "team-tourn (rapid)"]
[EventRounds "7"]
[EventCountry "ISS"]
[SourceTitle "CBM 199 Extra"]
[Source "ChessBase"]
[SourceDate "2021.01.31"]
[SourceVersion "1"]
[SourceVersionDate "2021.01.31"]
[SourceQuality "1"]
[WhiteTeam "Wood Green Youth (W)"]
[BlackTeam "Poland Hussars (W)"]
[WhiteTeamCountry "ENG"]
[BlackTeamCountry "POL"]

1. e4 c5 2. c3 Nf6 3. e5 Nd5 4. d4 cxd4 5. Nf3 Nc6 6. cxd4 d6 7. Bc4 Nb6 8. Bb3 dxe5 9. d5 Nd4 10. Nxe5 Nxb3 11. Qxb3 Qxd5 12. Qxd5 Nxd5 13. 0-0 g6 14. Rd1 Be6 15. Na3 Bg7 16. f4 0-0 17. Nb5 Rfd8 18. a3 a6 19. Nd4 Nc7 20. Be3 Rac8 21. Nxe6 Nxe6 22. g3 Bxe5 23. fxe5 Rxd1+ 24. Rxd1 Kf8 25. Rd7 Rc7 26. Rd1 Ke8 27. a4 Rc2 28. Rb1 Re2 29. Bb6 Rxe5 30. Rc1 Re4 31. a5 Rb4 32. Rc2 f5 33. h4 Nd4 34. Rc8+ Kf7 35. Rc7 Ne2+ 36. Kf2 Rxb2 37. Rxb7 Nc3+ 38. Kf3 Nd5 39. Rd7 Nxb6 40. axb6 Rxb6 41. Ra7 Kf6 0-1

[Event "Birmingham op"]
[Site "Birmingham"]
[Date "2020.02.22"]
[Round "2"]
[White "Serbanescu, Diana Maria"]
[Black "Goldie, Thomas"]
[Result "1-0"]
[WhiteElo "1990"]
[BlackElo "2077"]
[PlyCount "78"]
[EventDate "2020.02.22"]
[EventType "team-swiss"]
[EventRounds "5"]
[EventCountry "ENG"]
[SourceTitle "CBM 195 Extra"]
[Source "ChessBase"]
[SourceDate "2020.05.31"]
[SourceVersion "1"]
[SourceVersionDate "2020.05.31"]
[SourceQuality "1"]
[WhiteTeam "UCL"]
[BlackTeam "LSE"]
[WhiteTeamCountry "ENG"]
[BlackTeamCountry "ENG"]

1. e4 c5 2. c3 e5 3. Nf3 Nc6 4. Bc4 g6 5. d3 Bg7 6. Be3 d6 7. h3 h6 8. a4 Nge7 9. Na3 0-0 10. g4 d5 11. exd5 Nxd5 12. Bxc5 Re8 13. Be3 Nxe3 14. fxe3 e4 15. dxe4 Qb6 16. Qd2 Rxe4 17. 0-0-0 Be6 18. Bxe6 fxe6 19. Nd4 Rc8 20. Kb1 Na5 21. Qd3 Re5 22. Rhe1 Kh7 23. h4 Rec5 24. h5 Rxc3 25. Qxg6+ Kh8 26. Nab5 R3c6 27. Nxc6 bxc6 28. Rd7 Rg8 29. Rxg7 Rxg7 30. Qxh6+ Kg8 31. Qxe6+ Kh7 32. Qe4+ Kg8 33. h6 Rb7 34. Qg6+ Kh8 35. Rf1 Qd8 36. Qd6 Qg5 37. Qd4+ Kh7 38. Qe4+ Kh8 39. Rf4 Kg8 1-0

[Event "ENG-ch rapid (Women)"]
[Site "London"]
[Date "2019.12.07"]
[Round "4"]
[White "Serbanescu, Diana Maria"]
[Black "Sheikh, Anum"]
[Result "1-0"]
[WhiteElo "2019"]
[BlackElo "1685"]
[PlyCount "43"]
[EventDate "2019.12.07"]
[EventType "swiss (rapid)"]
[EventRounds "7"]
[EventCountry "ENG"]
[SourceTitle "CBM 195 Extra"]
[Source "ChessBase"]
[SourceDate "2020.05.31"]
[SourceVersion "1"]
[SourceVersionDate "2020.05.31"]
[SourceQuality "1"]

1. e4 Nf6 2. e5 Nd5 3. d4 d6 4. c4 Nb6 5. exd6 exd6 6. Nc3 Nc6 7. Be3 Be7 8. Rc1 0-0 9. Bd3 Nb4 10. Be2 Bf5 11. Nf3 d5 12. c5 Nc4 13. 0-0 Nxe3 14. fxe3 a5 15. Ne5 Be6 16. a3 Na6 17. Bd3 c6 18. Ne2 f6 19. Nf4 Nc7 20. Bxh7+ Kxh7 21. Qh5+ Kg8 22. Nfg6 1-0

[Event "ENG-ch rapid (Women)"]
[Site "London"]
[Date "2019.12.07"]
[Round "5"]
[White "Volovich, Julia"]
[Black "Serbanescu, Diana Maria"]
[Result "0-1"]
[WhiteElo "1574"]
[BlackElo "2019"]
[PlyCount "108"]
[EventDate "2019.12.07"]
[EventType "swiss (rapid)"]
[EventRounds "7"]
[EventCountry "ENG"]
[SourceTitle "CBM 195 Extra"]
[Source "ChessBase"]
[SourceDate "2020.05.31"]
[SourceVersion "1"]
[SourceVersionDate "2020.05.31"]
[SourceQuality "1"]

1. d4 d6 2. e4 Nf6 3. Nc3 e5 4. dxe5 dxe5 5. Qxd8+ Kxd8 6. Nf3 Bd6 7. Bc4 Rf8 8. Bg5 c6 9. 0-0-0 Ke7 10. Rd2 Nbd7 11. Rhd1 Bc7 12. Bb3 b5 13. a3 a5 14. Bh4 h6 15. Bg3 b4 16. axb4 axb4 17. Na2 Nxe4 18. Re2 Nxg3 19. hxg3 c5 20. Nh4 Nb6 21. c4 Bg4 22. f3 Be6 23. f4 Rfd8 24. fxe5 Nxc4 25. Nf5+ Bxf5 26. Rxd8 Rxd8 27. Bxc4 Bg4 28. Re4 h5 29. Be2 Bxe2 30. Rxe2 Rd3 31. Kc2 Rxg3 32. Nc1 c4 33. b3 Rc3+ 34. Kb2 Ke6 35. bxc4 Bxe5 36. Kb1 Kd6 37. Rf2 f6 38. Ne2 Rxc4 39. Nc1 Rc3 40. Rd2+ Ke6 41. Nd3 Rc8 42. Ka2 Bc3 43. Re2+ Kf7 44. Kb3 Rb8 45. Nf2 Be5 46. Ne4 g6 47. Rd2 g5 48. Rd7+ Kg6 49. Rd5 h4 50. Nf2 Kf5 51. Rd7 Bc3 52. Rd3 Re8 53. Rf3+ Kg6 54. Ne4 Rxe4 0-1

[Event "Tianjin Prestigious Univ-ch"]
[Site "Tianjin"]
[Date "2019.11.27"]
[Round "4"]
[White "Zhou, Qiyu"]
[Black "Serbanescu, Diana Maria"]
[Result "1-0"]
[WhiteElo "2216"]
[BlackElo "1990"]
[PlyCount "139"]
[EventDate "2019.11.26"]
[EventType "team-tourn"]
[EventRounds "11"]
[EventCountry "CHN"]
[SourceTitle "CBM 193 Extra"]
[Source "ChessBase"]
[SourceDate "2020.01.31"]
[SourceVersion "1"]
[SourceVersionDate "2020.01.31"]
[SourceQuality "1"]

1. e4 d6 2. d4 Nf6 3. Nc3 e5 4. Nf3 Nbd7 5. g3 Be7 6. Bg2 0-0 7. 0-0 c6 8. a4 a5 9. b3 Re8 10. Re1 Bf8 11. Bb2 exd4 12. Nxd4 Nc5 13. h3 Ne6 14. Qd2 Nxd4 15. Qxd4 Qc7 16. Rad1 Be6 17. Ne2 Rad8 18. Nf4 Bc8 19. c4 b6 20. Ne2 Be6 21. Nf4 Bc8 22. Kh2 Bb7 23. Qd2 Qe7 24. Qc2 Nd7 25. Ne2 Nc5 26. Nd4 g6 27. Qc3 Qe5 28. f4 Qg7 29. Qc2 Qh6 30. Rf1 Bg7 31. f5 Be5 32. Qf2 f6 33. Kh1 Qg7 34. Rfe1 Re7 35. Ba3 Ree8 36. Bxc5 bxc5 37. Ne6 Rxe6 38. fxe6 Qe7 39. Rd3 Bc8 40. Qd2 Kg7 41. Qxa5 Bxe6 42. Qb6 Qd7 43. g4 Ra8 44. Re2 Qc8 45. Ra2 Ra6 46. a5 Rxb6 47. axb6 d5 48. cxd5 cxd5 49. Ra7+ Kh6 50. exd5 Bd7 51. d6 Bc6 52. d7 Bxg2+ 53. Kxg2 Qc6+ 54. Kf2 Qxb6 55. d8Q Qxa7 56. Kf3 Qb7+ 57. Qd5 Qb4 58. Qc4 Qxc4 59. bxc4 Kg5 60. Rd5 Kh4 61. Rxc5 Kxh3 62. Rxe5 fxe5 63. c5 h5 64. gxh5 gxh5 65. c6 e4+ 66. Kxe4 Kg2 67. c7 h4 68. c8Q h3 69. Qg4+ Kh2 70. Kf3 1-0

[Event "BCF-chT2a 1718 (4NCL)"]
[Site "England"]
[Date "2018.01.13"]
[Round "3.28"]
[White "Serbanescu, Diana Maria"]
[Black "Larter, Nick J"]
[Result "1-0"]
[WhiteElo "1989"]
[BlackElo "1855"]
[PlyCount "89"]
[EventDate "2017.11.11"]
[EventType "team-tourn"]
[EventRounds "7"]
[EventCountry "ENG"]
[SourceTitle "EXT 2020"]
[Source "ChessBase"]
[SourceDate "2019.10.17"]
[SourceVersion "1"]
[SourceVersionDate "2019.10.17"]
[SourceQuality "1"]
[WhiteTeam "Wood Green Monarchs"]
[BlackTeam "Celtic Tigers"]
[WhiteTeamCountry "ENG"]
[BlackTeamCountry "ENG"]

1. e4 e6 2. d4 d5 3. Nc3 dxe4 4. Nxe4 Qd5 5. Nc3 Bb4 6. Nf3 Nf6 7. a3 Bxc3+ 8. bxc3 0-0 9. Bd3 b5 10. Qe2 a6 11. Bg5 Nbd7 12. 0-0 Bb7 13. Rfe1 h6 14. Bxf6 Nxf6 15. a4 Qh5 16. Ne5 Qg5 17. f3 Nd5 18. Ra3 Nf4 19. Qf1 b4 20. Rb3 a5 21. cxb4 Rfd8 22. bxa5 Ba6 23. Bxa6 Rxa6 24. g3 Rxa5 25. Nc6 Rxa4 26. Nxd8 Rxd4 27. Nc6 Rd2 28. Ne5 Qh5 29. Rb8+ Kh7 30. h4 Nd5 31. Re2 Rd4 32. Rb3 f6 33. Ng4 e5 34. Rd3 Rxd3 35. cxd3 g5 36. hxg5 Qxg5 37. Rh2 h5 38. Qe1 Kg6 39. Qe4+ Kg7 40. Qxd5 Qc1+ 41. Kg2 hxg4 42. Qd7+ Kg8 43. Qxg4+ Kf8 44. Rh8+ Ke7 45. Rh7+ 1-0

[Event "GRB-ch Universities"]
[Site "Birmingham"]
[Date "2017.02.25"]
[Round "2.2"]
[White "Serbanescu, Diana Maria"]
[Black "McPhillips, Joseph"]
[Result "0-1"]
[WhiteElo "1982"]
[BlackElo "2395"]
[PlyCount "140"]
[EventDate "2017.02.25"]
[EventType "team-swiss"]
[EventRounds "5"]
[EventCountry "ENG"]
[SourceTitle "CBM 177 Extra"]
[Source "ChessBase"]
[SourceDate "2017.04.27"]
[SourceVersion "1"]
[SourceVersionDate "2017.04.27"]
[SourceQuality "1"]
[WhiteTeam "UCL"]
[BlackTeam "Bath"]
[WhiteTeamCountry "ENG"]
[BlackTeamCountry "ENG"]

1. e4 e6 2. d4 d5 3. Nc3 Nc6 4. e5 f6 5. exf6 Nxf6 6. Nf3 Bd6 7. Nb5 0-0 8. Nxd6 Qxd6 9. Be2 Bd7 10. h3 Be8 11. c3 Bh5 12. Be3 Ne4 13. Qc2 Ne7 14. g4 Bg6 15. Ne5 c5 16. Nxg6 Nxg6 17. dxc5 Nxc5 18. 0-0-0 Rac8 19. Kb1 Nf4 20. Bf1 Qc6 21. Rg1 b5 22. Rd4 e5 23. Rb4 a6 24. Bxf4 exf4 25. Bd3 Qh6 26. Bf5 Rce8 27. g5 Qh4 28. g6 hxg6 29. Bxg6 Re6 30. Bf5 Re5 31. Bg4 Qe7 32. Rd1 f3 33. Qd2 Ne4 34. Qd4 Rf4 35. Qb6 Rf6 36. Qd4 Nd6 37. Qd3 Qf7 38. Rd4 Ne4 39. Qc2 a5 40. Bc8 Rc6 41. Bg4 b4 42. R4d3 bxc3 43. bxc3 Qc7 44. Rc1 d4 45. c4 Nc3+ 46. Rxc3 dxc3 47. Qxc3 Re4 48. Bxf3 Rb6+ 49. Ka1 Rf4 50. Bd5+ Kh8 51. f3 Qc5 52. Re1 Qd4 53. Re8+ Kh7 54. Qxd4 Rxd4 55. Re1 Rb4 56. a3 Rb3 57. Ka2 a4 58. Re2 Kh6 59. Be4 Rc3 60. Rg2 g5 61. Rb2 Rcxc4 62. Rb6+ Kg7 63. Rg6+ Kf7 64. Rxg5 Rd2+ 65. Kb1 Rc3 66. h4 Rh2 67. h5 Rb3+ 68. Kc1 Rxa3 69. Bg6+ Kf6 70. Rb5 Rxf3 0-1

[Event "BCF-chT3Sa 1617 (4NCL)"]
[Site "England"]
[Date "2016.11.26"]
[Round "1.35"]
[White "Serbanescu, Diana Maria"]
[Black "Taylor, Robert Graham"]
[Result "1-0"]
[WhiteElo "1982"]
[BlackElo "1973"]
[PlyCount "58"]
[EventDate "2016.11.26"]
[EventType "team-tourn"]
[EventRounds "11"]
[EventCountry "ENG"]
[SourceTitle "EXT 2019"]
[Source "ChessBase"]
[SourceDate "2018.10.10"]
[SourceVersion "1"]
[SourceVersionDate "2018.10.10"]
[SourceQuality "1"]
[WhiteTeam "Wood Green"]
[BlackTeam "Rhyfelwyr Essyllwg"]
[WhiteTeamCountry "ENG"]
[BlackTeamCountry "WLS"]

1. e4 c5 2. c3 e5 3. Nf3 Nc6 4. Bc4 d6 5. 0-0 Be7 6. Re1 Nf6 7. d4 0-0 8. Bb5 Bd7 9. Bxc6 Bxc6 10. d5 Bd7 11. a4 Ne8 12. Na3 Bf6 13. Nc4 g6 14. Be3 Bg7 15. Nfd2 f5 16. f3 Bf6 17. f4 Qe7 18. exf5 gxf5 19. fxe5 dxe5 20. Bh6 Rf7 21. Bf4 e4 22. Nf1 b6 23. Nfe3 Kh8 24. Kh1 Bg5 25. Be5+ Bf6 26. Bf4 Bg5 27. d6 Qd8 28. Bxg5 Qxg5 29. Nd5 Rg7 1-0

[Event "BCF-chT3Sa 1516 (4NCL)"]
[Site "England"]
[Date "2016.02.14"]
[Round "6.58"]
[White "Van Kemenade, Rudy"]
[Black "Serbanescu, Diana Maria"]
[Result "0-1"]
[WhiteElo "1964"]
[BlackElo "2042"]
[PlyCount "82"]
[EventDate "2015.11.14"]
[EventType "team-swiss"]
[EventRounds "7"]
[EventCountry "ENG"]
[SourceTitle "EXT 2017"]
[Source "ChessBase"]
[SourceDate "2016.10.25"]
[SourceVersion "1"]
[SourceVersionDate "2016.10.25"]
[SourceQuality "1"]
[WhiteTeam "Rhyfelwyr Essyllwg"]
[BlackTeam "Midland Monarchs"]
[WhiteTeamCountry "ENG"]
[BlackTeamCountry "ENG"]

1. d4 Nf6 2. c4 g6 3. Nc3 Bg7 4. e4 d6 5. f3 0-0 6. Be3 c6 7. Qd2 a6 8. a4 Nbd7 9. Bd3 Rb8 10. Nge2 Re8 11. 0-0 b6 12. Kh1 e5 13. d5 cxd5 14. cxd5 Nc5 15. Bc2 Bd7 16. b4 Nb7 17. Bd3 a5 18. Nb5 axb4 19. Qxb4 Nc5 20. Bc2 Bxb5 21. Qxb5 Nfd7 22. Nc3 Qh4 23. g3 Qh3 24. Bd1 f5 25. Be2 f4 26. Bf2 fxg3 27. Bxg3 Nf6 28. Qc6 Nb3 29. Qxd6 Nh5 30. Bf2 Nf4 31. Rg1 Nxa1 32. Rg3 Qc8 33. Qb4 Nc2 34. Qb2 Nxe2 35. Nxe2 Qc4 36. Nc3 Qf1+ 37. Bg1 Nd4 38. d6 Red8 39. Qa2+ Kh8 40. Qd5 Nxf3 41. Rxf3 Qxf3# 0-1

[Event "BCF-chT3Sa 1516 (4NCL)"]
[Site "England"]
[Date "2016.02.13"]
[Round "5.70"]
[White "Serbanescu, Diana Maria"]
[Black "Paul, Nathanael"]
[Result "1-0"]
[WhiteElo "2042"]
[BlackElo "2027"]
[PlyCount "69"]
[EventDate "2015.11.14"]
[EventType "team-swiss"]
[EventRounds "7"]
[EventCountry "ENG"]
[SourceTitle "EXT 2017"]
[Source "ChessBase"]
[SourceDate "2016.10.25"]
[SourceVersion "1"]
[SourceVersionDate "2016.10.25"]
[SourceQuality "1"]
[WhiteTeam "Midland Monarchs"]
[BlackTeam "Shropshire"]
[WhiteTeamCountry "ENG"]
[BlackTeamCountry "ENG"]

1. e4 c6 2. c4 d5 3. exd5 cxd5 4. cxd5 Nf6 5. Nc3 Nxd5 6. d4 Nc6 7. Nf3 Bg4 8. Bc4 e6 9. 0-0 Nxc3 10. bxc3 Bd6 11. h3 h5 12. Re1 Kf8 13. hxg4 hxg4 14. Ng5 g3 15. Qf3 Qf6 16. Qxf6 gxf6 17. Ne4 gxf2+ 18. Kxf2 Be7 19. Rb1 Na5 20. Bf1 Rc8 21. Re3 f5 22. Nd2 Bh4+ 23. Ke2 b6 24. Kd3 Ke7 25. Rh3 e5 26. dxe5 Nc6 27. Nf3 Bf2 28. Rxh8 Rxh8 29. Bg5+ Ke6 30. Nd4+ Bxd4 31. cxd4 Rg8 32. Be3 f6 33. Kd2 Rd8 34. Bc4+ Ke7 35. Rh1 1-0